<?xml version="1.0" encoding="UTF-8"?>
<record
    xmlns:xsi="http://www.w3.org/2001/XMLSchema-instance"
    xsi:schemaLocation="http://www.loc.gov/MARC21/slim http://www.loc.gov/standards/marcxml/schema/MARC21slim.xsd"
    xmlns="http://www.loc.gov/MARC21/slim">

  <leader>00722nam a2200229Ia 4500</leader>
  <datafield tag="999" ind1=" " ind2=" ">
    <subfield code="c">44316</subfield>
    <subfield code="d">44316</subfield>
  </datafield>
  <controlfield tag="001">11074</controlfield>
  <controlfield tag="003">GE_BSU</controlfield>
  <controlfield tag="005">20221117105519.0</controlfield>
  <controlfield tag="008">181216s2009en  xx |||||||||||||| ||eng||</controlfield>
  <datafield tag="020" ind1=" " ind2=" ">
    <subfield code="a">9781412960359(pbk) X</subfield>
  </datafield>
  <datafield tag="040" ind1=" " ind2=" ">
    <subfield code="c">GE_BSU</subfield>
  </datafield>
  <datafield tag="041" ind1=" " ind2=" ">
    <subfield code="a">eng</subfield>
  </datafield>
  <datafield tag="080" ind1=" " ind2=" ">
    <subfield code="a">378 G 51</subfield>
  </datafield>
  <datafield tag="100" ind1=" " ind2=" ">
    <subfield code="a">GLATTHORN,  ALLAN.A</subfield>
    <subfield code="9">15871</subfield>
  </datafield>
  <datafield tag="245" ind1=" " ind2="4">
    <subfield code="a">THE Principal AS CURRICULUM LEADER :</subfield>
    <subfield code="b">Shaping whats IS Taught and Tested /</subfield>
    <subfield code="c">ALLAN. A.  GLATTHORN</subfield>
  </datafield>
  <datafield tag="250" ind1=" " ind2=" ">
    <subfield code="a">3rd ed.</subfield>
  </datafield>
  <datafield tag="264" ind1=" " ind2=" ">
    <subfield code="a">Thousand Oaks,Calif :</subfield>
    <subfield code="b">Corwin Press,</subfield>
    <subfield code="c">2009.</subfield>
  </datafield>
  <datafield tag="300" ind1=" " ind2=" ">
    <subfield code="a">199 p.:</subfield>
    <subfield code="b">24 cm.</subfield>
  </datafield>
  <datafield tag="653" ind1=" " ind2=" ">
    <subfield code="a">THE Principal AS CURRICULUM LEADER.</subfield>
  </datafield>
  <datafield tag="653" ind1=" " ind2=" ">
    <subfield code="a">&#x10E8;&#x10D4;&#x10DB;&#x10DD;&#x10E1;&#x10E3;&#x10DA;&#x10D8;&#x10D0; &#x10E2;&#x10D4;&#x10DB;&#x10DE;&#x10E3;&#x10E1;&#x10D8;&#x10E1; &#x10DE;&#x10E0;&#x10DD;&#x10D4;&#x10E5;&#x10E2;&#x10D8;&#x10D7;.</subfield>
  </datafield>
  <datafield tag="942" ind1=" " ind2=" ">
    <subfield code="c">BK</subfield>
    <subfield code="2">udc</subfield>
  </datafield>
  <datafield tag="952" ind1=" " ind2=" ">
    <subfield code="0">0</subfield>
    <subfield code="1">0</subfield>
    <subfield code="2">udc</subfield>
    <subfield code="4">0</subfield>
    <subfield code="6">378_G_51</subfield>
    <subfield code="7">0</subfield>
    <subfield code="9">56991</subfield>
    <subfield code="a">CPL</subfield>
    <subfield code="b">CPL</subfield>
    <subfield code="c">GEN</subfield>
    <subfield code="d">2018-12-17</subfield>
    <subfield code="g">84.00</subfield>
    <subfield code="o">378 G 51</subfield>
    <subfield code="p">35429</subfield>
    <subfield code="r">2018-12-17</subfield>
    <subfield code="t">35429</subfield>
    <subfield code="w">2018-12-17</subfield>
    <subfield code="y">BK</subfield>
    <subfield code="z">84gel.</subfield>
  </datafield>
</record>
